ბათუმის შოთა რუსთაველის სახელმწიფო უნივერსიტეტის ბიბლიოთეკა

მონღოლები და მონღოლთა დაპყრობები XII-XIII სს. / (ბიბ.ჩანაწერი № 56536)

000 -ლიდერი
ფიქსირებული სიგრძის საკონტროლო ველი 01172nam a2200253Ia 4500
001 - საკონტროლო ნომერი
საკონტროლო ველი 23650
003 - საკონტროლო ნომრის იდენტიფიკატორი
საკონტროლო ველი GE_BSU
005 - ბოლო ოპერაციის თარიღი და დრო
საკონტროლო ველი 20260305175254.0
008 - ფიქსირებული სიგრძის მონაცემთა ელემენტები - ზოგადი ინფორმაცია
ფიქსირებული სიგრძის საკონტროლო ველი 181216s1960||||ge |||||||||||||| ||geo||
040 ## - კატალოგიზაციის წყარო
Transcribing agency GE_BSU
041 ## - ენის კოდი
Language code of text/sound track or separate title geo
080 ## - უნივერსალური ათობითი კლასიფიკაციის ინდექსი
Universal Decimal Classification number 94(517)"12 ც-63
100 ## - მთავარი ჩანაწერი - პიროვნების სახელი
Personal name ცინცაძე, ი.
9 (RLIN) 18922
245 ## - ცნობა სათაურის შესახებ
Title მონღოლები და მონღოლთა დაპყრობები XII-XIII სს. /
Statement of responsibility, etc ი. ცინცაძე ; რედ. : დ. გვრიტიშვილი.
264 ## - წარმოების, გამოცემის, დისტრიბუციის და სხვა ცნობები
გამოცემის, წარმოების, დისტრიბუციის... ადგილი თბილისი :
გამოცემის, წარმოების, დისტრიბუციის... სახელწოდება თბილ. უნ-ტის გამ-ბა,
გამოცემის, წარმოების, დისტრიბუციის... თარიღი 1960.
300 ## - ფიზიკური აღწერა
Extent 211გვ. ;
Dimensions 22 სმ.
504 ## - BIBLIOGRAPHY, ETC. NOTE
Bibliography, etc ბიბლიოგრაფია შენიშვნებში
653 ## - INDEX TERM--UNCONTROLLED
Uncontrolled term მონღოლები და მონღოლთა დაპყრობები XII-XIII სს.
653 ## - INDEX TERM--UNCONTROLLED
Uncontrolled term მონღოლეთის ისტორია
653 ## - INDEX TERM--UNCONTROLLED
Uncontrolled term მონღოლთა შემოსევა საქართველოში
700 ## - ADDED ENTRY--PERSONAL NAME
Personal name გვრიტიშვილი, დ.
Relator term რედაქტორი
9 (RLIN) 3872
942 ## - ADDED ENTRY ELEMENTS (KOHA)
Koha item type წიგნი
Source of classification or shelving scheme
ეგზემპლარები
ჩამოწერის სტატუსი დაკარგული ეგზემპლარის სტატუსი კლასიფიკაციის წყარო ან თაროზე გაწყობის სქემა დაზიანების სტატუსი არ გაიცემა მუდმივი მდებარეობა (დაცვის ადგილი) ამჟამინდელი ადგილსამყოფელი თაროზე განთავსების ადგილი შეძენის თარიღი ღირებულება, შესყიდვის ნორმალური ფასი სრული შენახვის შიფრი შტრიხკოდი ბოლო ოპერაციის თარიღი ეგზემპლარის მიმდევრობითი ნომერი (კეტერი?) ფასის ძალაში შესვლის თარიღი ეგზემპლარის სახეობა საჯარო შენიშვნა
          ბათუმის შოთა რუსთაველის სახელმწიფო უნივერსიტეტის მთავარი ბიბლიოთეკა ბათუმის შოთა რუსთაველის სახელმწიფო უნივერსიტეტის მთავარი ბიბლიოთეკა წიგნსაცავი 2018-12-17 5.00 94(517) ც-63 28477 2018-12-17 28477 2018-12-17 წიგნი 5.00 ₾.